| 000 | 00665nam a2200229Ia 4500 | ||
|---|---|---|---|
| 003 | OSt | ||
| 005 | 20220926014705.0 | ||
| 006 | a|||||r|||| 00| 0 | ||
| 007 | ta | ||
| 008 | 220923b |||||||| |||| 00| 0 eng d | ||
| 037 | _cGeneral Book | ||
| 040 |
_aRTL _cRTL _beng |
||
| 041 |
_2eng _aeng |
||
| 082 | _aX9v1.N, L0 | ||
| 100 |
_aHughes Jonathan _9250445 |
||
| 245 | 0 |
_aIndustrialization and economic history _b These and |
|
| 260 |
_aNew York _bMcGraw-Hill U.S.A. _c1970 |
||
| 300 |
_axii, 336p. Bib. p 287-320 _ccm. |
||
| 650 | _aIndustry Economics | ||
| 942 |
_hX9v1.N, L0 _cGB _2CC |
||
| 999 |
_c629601 _d629601 |
||